| 000 | 00354nam a2200157Ia 4500 | ||
|---|---|---|---|
| 008 | 230312s9999||||xx |||||||||||||| ||und|| | ||
| 020 | _a9780230203358 | ||
| 082 |
_a302.23 _bLAC-I |
||
| 100 | _aLacy,Nick | ||
| 245 | 0 | _aKey concepts in media studies | |
| 260 |
_bPALGRAVE _c2009 |
||
| 300 | _a291 | ||
| 546 | _aEng. | ||
| 650 | _aMass com | ||
| 942 | _cBK | ||
| 999 |
_c2856 _d2856 |
||